000
00208 a2200097 4500
001
980
100
_a
Ladner,A.W.
245
_a
Shortwave wirreless communication
260
_a
_b
Chapman
_c
090
_c
561
_d
561
942
_a
NUST-CAE
_c
M
_c
32056
999
_c
236053
_d
236053